| 000 | 00926cam a22002655a 4500 | ||
|---|---|---|---|
| 001 | 013117941 | ||
| 005 | 20180207132743.0 | ||
| 008 | 050216t2005 njua frb 001 0 eng d | ||
| 020 | _a0131293427 | ||
| 020 | _a9780131293427 | ||
| 040 |
_aIeDuTC _dUk _dEG-ScBUE _beng |
||
| 082 | 0 | 4 |
_222 _a003.83 _bDIS |
| 245 | 0 | 0 |
_aDiscrete-event system simulation / _cJerry Banks ... [et al.] |
| 250 | _a4th ed., International ed. | ||
| 260 |
_aUpper Saddle River ; _aLondon : _bPearson Prentice Hall, _cc.2005. |
||
| 300 |
_axv, 608 p : _bill ; _c23 cm. |
||
| 490 | 0 | _aPrentice-Hall international series in industrial and systems engineering. | |
| 504 | _aIncludes bibliographical references and index. | ||
| 650 | 7 |
_aSimulation methods. _2BUEsh _911552 |
|
| 650 | 7 |
_aDiscrete-time systems _xComputer simulation. _2BUEsh |
|
| 651 | _2BUEsh | ||
| 653 |
_bCOMSCI _cFebruary2018 |
||
| 700 | 1 |
_aBanks, Jerry, _d1939- _934499 |
|
| 942 | _2ddc | ||
| 999 |
_c26125 _d26097 |
||